000
00271nam a22001217a 4500
008
170621b xxu||||| |||| 00| 0 eng d
041
_a
eng
080
_a
94
100
_a
16
101
_a
SHH
245
_a
THE LIMITS OF COERCIVE DIPLOMACY
_c
GEORGE,A.L
942
_2
udc
_c
BK
999
_c
18509
_d
18509